| 000 | 00556nam a22002057a 4500 | ||
|---|---|---|---|
| 003 | OSt | ||
| 005 | 20140310183035.0 | ||
| 008 | 130219t xxu||||| |||| 00| 0 eng d | ||
| 020 | _a9788183568579 | ||
| 050 |
_aQH 366.2 _b.T977 2011 |
||
| 082 |
_aM 575 _bT977 2011 |
||
| 245 |
_aUnderstanding evolutionary biology _cTyagi, Fajeev |
||
| 260 |
_aNew Delhi _bDiscovery Publishing House _cc2011 |
||
| 300 |
_a380 p. : ill. _c21 cm. |
||
| 521 | _acollege students | ||
| 526 | _c1210L-1700L | ||
| 541 | _j1 | ||
| 562 | _e1 | ||
| 942 |
_2lcc _cBK _kFIL |
||
| 999 |
_c18474 _d18474 |
||